[Event "22nd Abu Dhabi Masters"]
[Site "Abu Dhabi UAE"]
[Date "2015.08.29"]
[Round "7.25"]
[White "Czebe,A"]
[Black "Mansour,Sam"]
[Result "1-0"]
[WhiteTitle "GM"]
[BlackTitle "FM"]
[WhiteElo "2439"]
[BlackElo "2292"]
[WhiteFideId "705268"]
[BlackFideId "8100144"]
[EventDate "2015.08.23"]

1. e4 d6 2. d4 g6 3. Nc3 Bg7 4. Be3 a6 5. Qd2 b5 6. f3 Nf6 7. g4 Nbd7 8. h4 h5
9. g5 Nh7 10. f4 Nb6 11. b3 Bb7 12. Bg2 O-O 13. Rd1 Qc8 14. Nh3 f5 15. gxf6 Nxf6
16. Nf2 e5 17. fxe5 dxe5 18. d5 Ng4 19. Qe2 Nxe3 20. Qxe3 Qd8 21. d6 cxd6 22.
Rd3 Kh7 23. Qg3 Bh6 24. Bh3 b4 25. Ncd1 Rf4 26. Ne3 Qf6 27. Ng2 Bxe4 28. Nxf4
exf4 29. Nxe4 Re8 30. O-O Rxe4 31. Qf2 d5 32. Bg2 Re6 33. Re1 Rxe1+ 34. Qxe1 d4
35. Qxb4 f3 36. Rxf3 Be3+ 37. Kf1 Bf4 38. Rf2 Kh6 39. Qd2 g5 40. Be4 Qe5 41.
hxg5+ Kxg5 42. Rg2+ Kh4 43. Qe2 Bg3 44. Rg1 Kg5 45. Qd2+ Kg4 46. Qe2+ Kg5 47.
Bf3 Qxe2+ 48. Kxe2 h4 49. Kd3 Kf4 50. Rf1 Ke5 51. Be4 Bf4 52. Re1 Nd5 53. Bxd5+
Kxd5 54. Re4 Bg3 55. Rxd4+ Ke5 56. Rg4 Kf5 57. Rg8 Be5 58. Ke2 h3 59. Kf3 h2 60.
Kg2 a5 61. Ra8 Bc7 62. Rc8 Bd6 63. Rc6 1-0

[Event "22nd Abu Dhabi Masters"]
[Site "Abu Dhabi UAE"]
[Date "2015.08.29"]
[Round "7.26"]
[White "Predke,A"]
[Black "Antonio,V"]
[Result "1/2-1/2"]
[WhiteElo "2548"]
[BlackElo "2255"]
[WhiteFideId "24107581"]
[BlackFideId "5027330"]
[EventDate "2015.08.23"]

1. e4 c5 2. Nf3 e6 3. d4 cxd4 4. Nxd4 a6 5. Bd3 Nf6 6. O-O Qc7 7. Qe2 d6 8. f4
Nbd7 9. c4 b6 10. Nc3 Bb7 11. Bd2 Be7 12. Rae1 g6 13. Kh1 Rc8 14. b3 O-O 15. f5
exf5 16. exf5 Ne5 17. Bg5 Rfe8 18. fxg6 hxg6 19. Rxf6 Nxd3 20. Rxg6+ fxg6 21.
Qxd3 Bxg5 22. Qxg6+ Qg7 23. Rxe8+ Rxe8 24. Qxe8+ Kh7 25. Nf5 Qf6 26. Qh5+ Kg8
27. h4 Qxf5 28. Qxg5+ Qxg5 29. hxg5 Kf7 30. b4 Kg6 31. b5 Kxg5 32. Na4 Kf4 33.
Nxb6 Ke3 34. Kg1 Kd4 35. bxa6 Bxa6 36. a4 Kc5 37. a5 Kb4 38. Nd5+ Kxa5 39. Ne3
Kb4 40. g4 Bxc4 41. g5 Bf7 42. Kf2 d5 43. Nf5 Kc3 44. Ke3 Bg6 45. Nd4 Bh7 46.
Nb5+ Kc4 47. Nd6+ Kc3 48. Nb5+ 1/2-1/2

[Event "22nd Abu Dhabi Masters"]
[Site "Abu Dhabi UAE"]
[Date "2015.08.29"]
[Round "7.27"]
[White "Horvath,Ad1"]
[Black "Soumya,Sw"]
[Result "1-0"]
[WhiteTitle "GM"]
[BlackTitle "WGM"]
[WhiteElo "2540"]
[BlackElo "2325"]
[WhiteFideId "708003"]
[BlackFideId "5016193"]
[EventDate "2015.08.23"]

1. e4 c5 2. Nf3 d6 3. d4 cxd4 4. Nxd4 Nf6 5. Nc3 Nc6 6. Bg5 e6 7. Qd2 a6 8.
O-O-O Bd7 9. f3 Be7 10. Kb1 Rc8 11. h4 O-O 12. Nxc6 Bxc6 13. Bd3 b5 14. Ne2 Bb7
15. Nd4 Nd7 16. Rhe1 Ne5 17. Bf1 h6 18. Bxe7 Qxe7 19. g3 Rfd8 20. f4 Nc4 21.
Bxc4 Rxc4 22. h5 Qc7 23. Qd3 Rc8 24. Rd2 Qb6 25. g4 Kh8 26. g5 e5 27. fxe5 dxe5
28. Nf3 Qe6 29. gxh6 gxh6 30. Rg2 Qf6 31. Nd2 Rd4 32. Qg3 Rcd8 33. Reg1 Bxe4 34.
Rf2 Qg5 35. Kc1 Qxg3 36. Rxg3 Bh7 37. Re3 e4 38. c3 Rd3 39. Rxd3 Rxd3 40. Nb3
Kg7 41. Nd4 b4 42. Ne2 bxc3 43. bxc3 Rh3 44. c4 Rxh5 45. Kb2 f5 46. Kc3 Kf6 47.
Kd4 Rh3 48. Nf4 Ra3 49. Nd5+ Ke6 50. Rh2 Kf7 51. c5 Ra4+ 52. Ke5 Rc4 53. Kd6 f4
54. Nxf4 Bf5 55. Nd5 Rc1 56. Rf2 Kg6 57. Ne7+ Kg5 58. Nxf5 Rc3 59. c6 e3 60.
Nxe3 Rxe3 61. c7 Rc3 62. Kd7 1-0

[Event "22nd Abu Dhabi Masters"]
[Site "Abu Dhabi UAE"]
[Date "2015.08.29"]
[Round "7.28"]
[White "Sadzikowski,D"]
[Black "Kulkarni,R"]
[Result "1-0"]
[WhiteTitle "IM"]
[WhiteElo "2480"]
[BlackElo "2368"]
[WhiteFideId "1132253"]
[BlackFideId "5037077"]
[EventDate "2015.08.23"]

1. c4 Nf6 2. Nc3 e6 3. Nf3 Bb4 4. Qc2 O-O 5. a3 Bxc3 6. Qxc3 b6 7. e3 Bb7 8. Be2
d6 9. O-O Nbd7 10. b4 c5 11. Bb2 Qe7 12. d4 Rfd8 13. Rfd1 Rac8 14. dxc5 dxc5 15.
b5 Ne8 16. a4 f6 17. a5 Nf8 18. Nd2 Nd6 19. a6 Ba8 20. f3 Rd7 21. Nf1 Rcd8 22.
Rd2 Nf7 23. Rad1 Rxd2 24. Rxd2 Rxd2 25. Qxd2 Qd6 26. Qxd6 Nxd6 27. g4 Kf7 28. h4
Ng6 29. h5 Nf8 30. g5 Nd7 31. gxf6 gxf6 32. Kf2 e5 33. Kg2 Nf8 34. Bc3 Ne6 35.
Be1 Nf5 36. Kf2 Neg7 37. Bd3 Ke6 38. Bxf5+ Nxf5 39. e4 Nd6 40. Nd2 f5 41. Ke3
fxe4 42. fxe4 Nf7 43. Bh4 Nd6 44. Bd8 Kd7 45. Bf6 Ke6 46. Bh8 Nf7 47. Bg7 Ng5
48. Bh6 Nf7 49. Bf8 Ng5 50. Kd3 Nh3 51. Ke3 Nf4 52. h6 Nh5 53. Nf3 Nf6 54. Ng5+
Kd7 55. Kf3 Ke8 56. Bg7 Nd7 57. Ne6 Ke7 58. Nc7 Bc6 59. bxc6 Nb8 60. Nd5+ 1-0

[Event "22nd Abu Dhabi Masters"]
[Site "Abu Dhabi UAE"]
[Date "2015.08.29"]
[Round "7.29"]
[White "Ezat,M"]
[Black "Fendereski,Nima"]
[Result "1/2-1/2"]
[WhiteTitle "IM"]
[WhiteElo "2476"]
[BlackElo "2268"]
[WhiteFideId "10600906"]
[BlackFideId "12533807"]
[EventDate "2015.08.23"]

1. d4 Nf6 2. c4 e6 3. Nc3 Bb4 4. e3 b6 5. a3 Bxc3+ 6. bxc3 c5 7. Bd3 Nc6 8. Ne2
O-O 9. O-O d6 10. e4 e5 11. Qc2 cxd4 12. cxd4 Ba6 13. f4 Nd7 14. Be3 Na5 15.
Rac1 Rc8 16. Qa2 exd4 17. Nxd4 Nc5 18. Bb1 Re8 19. Rfd1 Nxe4 20. Nf5 Qf6 21.
Bxe4 Rxe4 22. g4 Nxc4 23. Qg2 Qe6 24. Bd4 f6 25. Qf3 Re8 26. Ng3 Bb7 27. Nxe4
Bxe4 28. Qg3 a6 29. g5 Kf7 30. Re1 b5 31. a4 Qd5 32. Rcd1 Bf3 33. gxf6 Rxe1+ 34.
Qxe1 gxf6 35. Rd3 Be4 36. Rd1 Bc2 37. Qh4 Bxd1 38. Qxf6+ Ke8 39. axb5 axb5 40.
Qh8+ Kd7 41. Qxh7+ Kc6 42. Qa7 Qg8+ 43. Kf2 Qc8 44. h3 Qe8 45. Kg3 Qe1+ 46. Bf2
Qa5 47. Qb8 Nb6 48. Qe8+ Nd7 49. Qc8+ Qc7 50. Qa6+ Nb6 51. f5 Bb3 52. f6 Qb7 53.
Qa3 Bd5 54. Qe3 Nc4 55. Qe8+ Qd7 56. Qa8+ Qb7 57. Qe8+ Qd7 58. Qa8+ Qb7 59. Qe8+
Kc7 60. f7 Bxf7 61. Qxf7+ Kc6 62. Qe8+ Kd5 63. Qg8+ Ke4 64. Qg6+ Kd5 65. Qg8+
Ke5 66. Qg5+ Ke4 67. Qg6+ 1/2-1/2

[Event "22nd Abu Dhabi Masters"]
[Site "Abu Dhabi UAE"]
[Date "2015.08.29"]
[Round "7.30"]
[White "Oganisjn,R"]
[Black "Sagar,S"]
[Result "1/2-1/2"]
[WhiteTitle "FM"]
[BlackTitle "IM"]
[WhiteElo "2328"]
[BlackElo "2456"]
[WhiteFideId "4153006"]
[BlackFideId "5022509"]
[EventDate "2015.08.23"]

1. d4 Nf6 2. c4 e6 3. Nc3 Bb4 4. Nf3 c5 5. e3 Nc6 6. Bd3 Bxc3+ 7. bxc3 d6 8. g4
Nxg4 9. Rg1 e5 10. e4 exd4 11. cxd4 cxd4 12. Be2 Qa5+ 13. Qd2 Qxd2+ 14. Nxd2
Nge5 15. f4 Ng6 16. f5 Nge5 17. Rxg7 b6 18. Ba3 Ke7 19. Kf2 Ng6 20. e5 Ngxe5 21.
Rg5 d3 22. Bf3 Bb7 23. Re1 Kd7 24. Bd5 Na5 25. Rxe5 dxe5 26. Bxf7 Rad8 27. f6
Kc7 28. Be7 Rd7 29. Bg8 Rxe7 30. fxe7 Kd7 31. Rg7 Nc6 32. Bd5 Re8 33. Rxh7 Rxe7
34. Rxe7+ Kxe7 35. Ke3 Kd6 36. Ne4+ Kc7 37. Bxc6 Kxc6 38. h4 Bc8 39. Ng3 Be6 40.
Kxd3 Kc5 41. Ne4+ Kb4 42. Nd6 Kc5 43. Nb7+ Kb4 44. Nd6 Kc5 1/2-1/2

[Event "22nd Abu Dhabi Masters"]
[Site "Abu Dhabi UAE"]
[Date "2015.08.29"]
[Round "7.31"]
[White "Padmini,R"]
[Black "Firouzja,Alireza"]
[Result "1-0"]
[WhiteTitle "IM"]
[WhiteElo "2444"]
[BlackElo "2309"]
[WhiteFideId "5029295"]
[BlackFideId "12573981"]
[EventDate "2015.08.23"]

1. e4 c5 2. Nf3 d6 3. d4 cxd4 4. Nxd4 Nf6 5. Nc3 a6 6. Qf3 g6 7. h3 Bg7 8. Be3
O-O 9. g4 Nc6 10. O-O-O Bd7 11. Nb3 Rc8 12. g5 Nh5 13. Nd5 Be6 14. Kb1 Ne5 15.
Qg2 Nc4 16. Bc1 Bxd5 17. exd5 Qc7 18. Qe4 f5 19. Qxc4 Qxc4 20. Bxc4 Rxc4 21. Nd2
Rf4 22. Rhf1 Rh4 23. Nf3 Rxh3 24. Rd3 Rc8 25. Re1 Rc7 26. c3 Kf8 27. Kc2 Rc4 28.
Nd4 Rh2 29. Kb3 Rc8 30. Ne6+ Kf7 31. f4 Bh8 32. a4 Rg2 33. Rh1 Kg8 34. Rdh3 b5
35. axb5 Rb8 36. R3h2 Rxb5+ 37. Kc4 Rg4 38. Be3 Rg3 39. Re2 Rb8 40. Ra1 Ra8 41.
Kd3 a5 42. Kc4 a4 43. Kb5 Rf3 44. Rxa4 Rb8+ 45. Kc6 Ng3 46. Re1 Kf7 47. Bb6 Bxc3
48. bxc3 Rxc3+ 49. Kd7 Ne4 50. Bc7 Rh8 51. Nd8+ Kf8 52. Rexe4 fxe4 53. Rxe4 h5
54. gxh6 Rxh6 55. Ne6+ Kf7 56. Bd8 Rd3 57. Ng5+ Kf6 58. Rxe7 Kf5 59. Rf7+ Kg4
60. Kxd6 Rh1 61. Ne6 Rhd1 62. Nc7 Kf3 63. Bg5 Rc3 64. Rf6 Rdc1 65. Ne6 Ra1 66.
Rxg6 Ra6+ 67. Ke5 Re3+ 68. Kd4 Ra5 69. Nc5 Re1 70. f5 Rd1+ 71. Kc4 Ra2 72. Be7
Rc2+ 73. Kb5 Rxd5 74. f6 Rf5 75. Kc6 Kf4 76. Kd7 Re2 77. Bd6+ Kf3 78. Ne6 Ke4
79. Ng5+ Kd5 80. f7 Ra2 81. Rg8 Ra6 82. f8=Q Rxf8 83. Bxf8 Ra8 84. Nf7 Ra7+ 85.
Ke8 Ke6 86. Rg6+ Kf5 87. Rb6 Ra8+ 88. Nd8 Ra7 89. Be7 Rc7 90. Kf7 Ra7 91. Rb5+
Ke4 92. Ne6 Ra8 93. Kf6 Ra6 94. Re5+ Kd3 95. Kf5 Rc6 96. Nf4+ Kd4 97. Re4+ Kc3
98. Nd5+ Kb3 99. Ke5 Rc4 100. Re3+ Kb2 101. Bb4 Ka2 102. Bc3 Kb3 103. Bd4+ Kc2
104. Re2+ Kc1 105. Ke4 Rc2 106. Re1+ Kd2 107. Rg1 Rc8 108. Be3+ 1-0

[Event "22nd Abu Dhabi Masters"]
[Site "Abu Dhabi UAE"]
[Date "2015.08.29"]
[Round "7.32"]
[White "Nezad,H"]
[Black "Patil,Pr2"]
[Result "1/2-1/2"]
[WhiteTitle "IM"]
[WhiteElo "2404"]
[BlackElo "2186"]
[WhiteFideId "12100293"]
[BlackFideId "5038758"]
[EventDate "2015.08.23"]

1. e4 c5 2. Nf3 e6 3. c3 Nf6 4. e5 Nd5 5. Bc4 d6 6. d4 cxd4 7. cxd4 Nc6 8. Qe2
Be7 9. O-O O-O 10. Rd1 Na5 11. b3 b6 12. Bxd5 exd5 13. Nc3 Be6 14. Ba3 Rc8 15.
Nb5 dxe5 16. Bxe7 Qxe7 17. dxe5 Nc6 18. Nfd4 Nxd4 19. Nxd4 Qg5 20. Rf1 Qf4 21.
Rad1 Rc5 22. Rfe1 Rfc8 23. Qd2 Qxd2 24. Rxd2 a5 25. f3 h5 26. h4 Kf8 27. Kf2 Ke7
28. Ke3 Rc3+ 29. Rd3 R3c5 30. Red1 g6 31. R3d2 Rc3+ 32. Kf2 R3c5 33. Rb1 Bd7 34.
Kg3 b5 35. Ra1 Be6 36. a4 bxa4 37. Rxa4 Bd7 38. Ra3 Rb8 39. Rda2 Rb4 40. Nc2
Rbb5 41. Kf2 Rc3 42. Nd4 Rb4 43. Ne2 Rcxb3 44. Rxb3 Rxb3 45. Rxa5 Rb2 46. Ke1
Rb1+ 47. Kf2 Rb2 48. Ke1 Rb1+ 49. Kd2 Rb2+ 50. Ke3 d4+ 51. Nxd4 Rxg2 52. Ra7 Ke8
53. Ra8+ Ke7 54. Ra7 Ke8 55. Kf4 Rd2 56. Ke3 Rh2 57. Ra8+ Ke7 58. Ra7 Ke8 59.
Ra8+ Ke7 60. Ra7 Ke8 61. Ra8+ 1/2-1/2

[Event "22nd Abu Dhabi Masters"]
[Site "Abu Dhabi UAE"]
[Date "2015.08.29"]
[Round "7.33"]
[White "Hernandez,Alex"]
[Black "Siva,Mahadevan"]
[Result "0-1"]
[WhiteTitle "FM"]
[WhiteElo "2302"]
[BlackElo "2401"]
[WhiteFideId "3900452"]
[BlackFideId "25043153"]
[EventDate "2015.08.23"]

1. e4 c5 2. Nf3 d6 3. d4 cxd4 4. Nxd4 Nf6 5. Nc3 Nc6 6. Be2 g6 7. Nb3 Bg7 8. O-O
O-O 9. Re1 b6 10. Bf1 Bb7 11. Nd5 Nd7 12. c3 e6 13. Ne3 Nc5 14. f3 Qc7 15. Nd4
Rad8 16. a4 Ne7 17. b4 Na6 18. Qb3 d5 19. Ng4 h5 20. Nf2 dxe4 21. Nb5 Qb8 22.
Nxe4 Nd5 23. Bg5 Rc8 24. c4 Bxa1 25. Rxa1 f6 26. Bh6 Ndxb4 27. Ned6 Rfd8 28. c5
Bd5 29. Qb2 e5 30. Nxc8 Rxc8 31. cxb6 Qxb6+ 32. Kh1 Rc2 33. Qa3 g5 34. Bd3 Rd2
35. Be4 Qf2 36. Rg1 Be6 37. Qc1 Nc5 38. Nc7 Bh3 39. Qc4+ Kh8 40. f4 Nxe4 41.
Qxe4 Nd3 42. Bg7+ Kxg7 43. Ne8+ Kh8 0-1

[Event "22nd Abu Dhabi Masters"]
[Site "Abu Dhabi UAE"]
[Date "2015.08.29"]
[Round "7.34"]
[White "Mahdavirad,M"]
[Black "Abhishek,K"]
[Result "1/2-1/2"]
[WhiteTitle "FM"]
[WhiteElo "2271"]
[BlackElo "2400"]
[WhiteFideId "12502669"]
[BlackFideId "5019257"]
[EventDate "2015.08.23"]

1. c4 e6 2. Nf3 d5 3. d4 c6 4. Qc2 Nf6 5. Bg5 Nbd7 6. cxd5 exd5 7. Nc3 Be7 8. e3
O-O 9. Bd3 Re8 10. O-O Nf8 11. h3 Ne4 12. Bf4 Ng5 13. Nxg5 Bxg5 14. Ne2 Ng6 15.
Bh2 a5 16. a3 Qe7 17. Rab1 Kh8 18. b4 axb4 19. axb4 Nh4 20. b5 Ra3 21. bxc6 bxc6
22. Nf4 Bxf4 23. Bxf4 Rxd3 24. Qxd3 Bf5 25. Qd1 Qe4 1/2-1/2

[Event "22nd Abu Dhabi Masters"]
[Site "Abu Dhabi UAE"]
[Date "2015.08.29"]
[Round "7.35"]
[White "Bulmaga,I"]
[Black "Khouri,I"]
[Result "1-0"]
[WhiteTitle "IM"]
[BlackTitle "FM"]
[WhiteElo "2393"]
[BlackElo "2205"]
[WhiteFideId "13903063"]
[BlackFideId "9301526"]
[EventDate "2015.08.23"]

1. e4 e5 2. Nf3 Nc6 3. Bc4 Bc5 4. c3 Nf6 5. d3 O-O 6. O-O d5 7. exd5 Nxd5 8. Re1
Bg4 9. h3 Bh5 10. Nbd2 Re8 11. Ne4 Bb6 12. Bg5 Qd7 13. b4 Kh8 14. Bxd5 Qxd5 15.
c4 Qd7 16. c5 Nxb4 17. cxb6 axb6 18. a3 Nc6 19. g4 Bg6 20. Nh4 f6 21. Nxg6+ hxg6
22. Be3 Red8 23. Nc3 Qxd3 24. Qxd3 Rxd3 25. Nb5 Nd4 26. Bxd4 exd4 27. Nxc7 Raxa3
28. Rxa3 Rxa3 29. Kg2 d3 30. Rd1 Rb3 31. Ne6 g5 32. Nd4 Rc3 33. Rd2 1-0

[Event "22nd Abu Dhabi Masters"]
[Site "Abu Dhabi UAE"]
[Date "2015.08.29"]
[Round "7.36"]
[White "Anand,N"]
[Black "Gevorgyan,D"]
[Result "1-0"]
[WhiteTitle "FM"]
[BlackTitle "IM"]
[WhiteElo "2025"]
[BlackElo "2374"]
[WhiteFideId "25009141"]
[BlackFideId "13303244"]
[EventDate "2015.08.23"]

1. d4 Nf6 2. c4 e6 3. Nc3 Bb4 4. e3 b6 5. Ne2 O-O 6. a3 Be7 7. Ng3 d5 8. cxd5
exd5 9. Bd3 Re8 10. O-O Nbd7 11. b4 Bb7 12. Qb3 c6 13. Bb2 g6 14. Rfe1 Bf8 15.
e4 dxe4 16. Bc4 Re7 17. Ncxe4 Qe8 18. d5 cxd5 19. Bxf6 dxc4 20. Qxc4 Rc8 21. Qd4
Re6 22. Rad1 Bc6 23. f3 Ba4 24. Rd3 Bh6 25. h4 Kf8 26. Kh2 Nxf6 27. Nxf6 Qe7 28.
Rxe6 fxe6 29. Nge4 Bb5 30. Rc3 Rxc3 31. Qxc3 Kf7 32. Qc8 Bf8 33. g3 h6 34. Ng4
Bg7 35. Qb8 Bf8 36. Nxh6+ Bxh6 37. Nd6+ Kf6 38. Nxb5 Qd7 39. Nd6 Kg7 40. Ne4 Kf7
41. Qe5 Qe7 42. Qh8 Bg7 43. Ng5+ Kf6 44. Qc8 Bh6 45. Qc3+ e5 46. Qc6+ Kg7 47.
Ne4 Be3 48. b5 Bd4 49. a4 Qf7 50. Ng5 Qe7 51. Qe6 Qc7 52. Qc6 Qe7 53. Ne6+ Kh6
54. Qc8 Kh7 55. Ng5+ Kg7 56. Qc7 Qxc7 57. Ne6+ Kf6 58. Nxc7 Ke7 59. Nd5+ Kd6 60.
Nb4 Kc5 61. Nc6 a5 62. g4 Be3 63. Kg2 Kd6 64. Kf1 Ke6 65. Ke2 Bc5 66. Kd3 Kd5
67. h5 gxh5 68. gxh5 Bf8 69. Nd8 Be7 70. Nf7 Bf6 71. Nh6 Bh8 72. Ng4 Kc5 73. Ne3
Kb4 74. Nd5+ Kxa4 75. Kc4 Ka3 76. Nxb6 Bg7 77. Nd7 a4 78. b6 e4 79. fxe4 Ka2 80.
b7 a3 81. b8=Q Ka1 82. Kb3 Bb2 83. Qh2 Kb1 84. Qc2+ 1-0

[Event "22nd Abu Dhabi Masters"]
[Site "Abu Dhabi UAE"]
[Date "2015.08.29"]
[Round "7.37"]
[White "Muradli,Mahammad"]
[Black "Tissir,M"]
[Result "1/2-1/2"]
[WhiteTitle "CM"]
[BlackTitle "IM"]
[WhiteElo "2027"]
[BlackElo "2351"]
[WhiteFideId "13409301"]
[BlackFideId "9000240"]
[EventDate "2015.08.23"]

1. d4 e6 2. Nf3 a6 3. Bf4 Nf6 4. Nbd2 d5 5. e3 c5 6. c3 Nc6 7. Bd3 Bd6 8. Bg3
O-O 9. Qc2 h6 10. O-O b6 11. Rfe1 Bb7 12. Rad1 Rc8 13. Qb1 Re8 14. Bxd6 Qxd6 15.
e4 dxe4 16. Nxe4 Nxe4 17. Bxe4 cxd4 18. Nxd4 Qc7 19. Nxc6 Bxc6 20. Bxc6 Qxc6 21.
Rd2 Red8 22. Red1 Qc7 23. Qc2 b5 24. Rd3 a5 25. a3 1/2-1/2

[Event "22nd Abu Dhabi Masters"]
[Site "Abu Dhabi UAE"]
[Date "2015.08.29"]
[Round "7.38"]
[White "Stopa,Ja"]
[Black "Swathi,G"]
[Result "0-1"]
[WhiteTitle "GM"]
[BlackTitle "WGM"]
[WhiteElo "2544"]
[BlackElo "2214"]
[WhiteFideId "1119591"]
[BlackFideId "5003474"]
[EventDate "2015.08.23"]

1. d4 Nf6 2. c4 e6 3. Nf3 b6 4. g3 Bb7 5. Bg2 g6 6. Bg5 h6 7. Be3 Bg7 8. O-O d6
9. Nc3 Ne4 10. Qc1 Nxc3 11. bxc3 Qc8 12. a4 Nc6 13. c5 Na5 14. Qc2 Nc4 15. Bc1
O-O 16. Qa2 d5 17. h4 Qd7 18. Rb1 Ba6 19. Ne1 bxc5 20. dxc5 Rab8 21. Rxb8 Rxb8
22. Nd3 Na5 23. Bf4 Bc4 24. Qd2 Nb3 25. Qe3 Bxd3 26. exd3 Bxc3 27. c6 Qxc6 28.
Qxa7 Rc8 29. Qe3 Qxa4 0-1

[Event "22nd Abu Dhabi Masters"]
[Site "Abu Dhabi UAE"]
[Date "2015.08.29"]
[Round "7.39"]
[White "Berescu,A"]
[Black "Sindarov,Javokhir"]
[Result "1-0"]
[WhiteTitle "GM"]
[BlackTitle "CM"]
[WhiteElo "2464"]
[BlackElo "2198"]
[WhiteFideId "1204920"]
[BlackFideId "14205483"]
[EventDate "2015.08.23"]

1. Nf3 Nf6 2. c4 g6 3. Nc3 Bg7 4. e4 d6 5. d4 O-O 6. Be2 e5 7. O-O Nc6 8. d5 Ne7
9. b4 Nh5 10. Re1 f5 11. Ng5 Nf4 12. Bxf4 exf4 13. Rc1 a5 14. b5 Be5 15. Bf3 Rb8
16. Ne6 Bxe6 17. dxe6 c6 18. exf5 Rxf5 19. Bg4 Rf8 20. c5 Rc8 21. Qb3 Bd4 22.
Ne4 dxc5 23. Nxc5 h5 24. Bf3 Rf5 25. Nxb7 Bxf2+ 26. Kxf2 Qb6+ 27. Kf1 Rxb5 28.
Qd3 Qxb7 29. Bxc6 Rxc6 30. Rxc6 Qxc6 31. Qd8+ Kg7 32. Qxe7+ Kh6 33. Qf8+ Kg5 34.
Qd8+ Kg4 35. Qd1+ Kf5 36. e7 Rb2 37. Qf3 Qb5+ 38. Kg1 Qc5+ 39. Kh1 Qxe7 40. Qd5+
Kf6 41. Qd4+ Kg5 42. h4+ 1-0

[Event "22nd Abu Dhabi Masters"]
[Site "Abu Dhabi UAE"]
[Date "2015.08.29"]
[Round "7.40"]
[White "Ris,R"]
[Black "Namer,N"]
[Result "1-0"]
[WhiteTitle "IM"]
[BlackTitle "CM"]
[WhiteElo "2449"]
[BlackElo "2158"]
[WhiteFideId "1011480"]
[BlackFideId "4801890"]
[EventDate "2015.08.23"]

1. Nf3 Nf6 2. g3 g6 3. Bg2 Bg7 4. O-O O-O 5. d4 d5 6. Bf4 Nbd7 7. Qc1 c5 8. c3
Ne4 9. Bh6 Qb6 10. Bxg7 Kxg7 11. Nbd2 Ndf6 12. Nxe4 Nxe4 13. c4 dxc4 14. d5 Nd6
15. Nd2 Bd7 16. e4 e5 17. f4 f6 18. fxe5 fxe5 19. Qc3 Rxf1+ 20. Rxf1 Re8 21. Rf2
Qd8 22. Nxc4 Nxc4 23. Qxc4 b6 24. b4 cxb4 25. Qxb4 Qc7 26. Bf1 a5 27. Qa3 b5 28.
Qf3 Qd8 29. Qf7+ Kh6 30. a3 b4 31. axb4 axb4 32. h4 Bg4 33. Qb7 Qd6 34. Rf7 Qc5+
35. Kh2 Rh8 36. Bg2 Bd1 37. d6 Ba4 38. Qe7 Qc1 39. Qxe5 Rg8 40. Qe7 Rh8 41. Rf8
Qc3 42. e5 1-0

[Event "22nd Abu Dhabi Masters"]
[Site "Abu Dhabi UAE"]
[Date "2015.08.29"]
[Round "7.41"]
[White "Nuber,B"]
[Black "Ahmad,Al Khatib"]
[Result "1-0"]
[WhiteTitle "FM"]
[WhiteElo "2339"]
[BlackElo "2138"]
[WhiteFideId "24620289"]
[BlackFideId "8103178"]
[EventDate "2015.08.23"]

1. e4 c5 2. b3 Nf6 3. e5 Nd5 4. Bb2 g6 5. Bc4 Nb6 6. h4 Nxc4 7. bxc4 h5 8. Qf3
Qb6 9. Bc3 Bg7 10. Ne2 O-O 11. Nf4 Nc6 12. Nd5 Nxe5 13. Qf4 Qd6 14. O-O b5 15.
Re1 Nxc4 16. Nxe7+ Kh7 17. Qf3 Rb8 18. Bxg7 Kxg7 19. a4 b4 20. d3 Bb7 21. Qh3
Rbe8 22. dxc4 Rxe7 23. Rxe7 Qxe7 24. Nd2 d5 25. Qg3 Re8 26. Rc1 Qe5 27. Qd3 dxc4
28. Nxc4 Qd5 29. Qxd5 Bxd5 30. Ne3 Bc6 31. a5 Bb5 32. Rd1 c4 33. Rb1 b3 34. cxb3
cxb3 35. Rxb3 a6 36. Ra3 Re4 37. g3 Rb4 38. Ra1 f5 39. Nd5 Rd4 40. Nf4 Kf6 41.
Kh2 Ra4 42. Rxa4 Bxa4 43. Nd5+ Ke5 44. Nc7 Kd4 45. Nxa6 Bc6 46. Nb8 Ba8 47. a6
Kd5 48. Nd7 Kc6 49. Ne5+ Kb6 50. Nxg6 Kxa6 51. Nf4 Bf3 52. Ne6 Kb6 53. Ng7 Kc5
54. Nxf5 Kc4 55. g4 hxg4 56. Kg3 Kd5 57. Kf4 Be2 58. h5 g3 59. Nxg3 Bd3 60. Nf5
Ke6 61. Ne3 Kf6 62. Ng4+ Kg7 63. Kg5 Bb1 64. f4 Bc2 65. Ne5 Bb1 66. f5 Ba2 67.
Nd7 Bb3 68. Nc5 Ba2 69. Ne6+ Kh7 70. Nf8+ Kg7 71. Ne6+ Kh7 72. h6 Bb3 73. Nf8+
Kg8 74. Ng6 Ba2 75. Kf4 Kh7 76. Kg5 Bb1 77. Nf8+ Kg8 78. Ne6 Ba2 79. Kg6 Bb1 80.
Ng5 Bxf5+ 81. Kxf5 Kh8 82. Kg6 Kg8 83. h7+ 1-0

[Event "22nd Abu Dhabi Masters"]
[Site "Abu Dhabi UAE"]
[Date "2015.08.29"]
[Round "7.42"]
[White "Kryvoruchko,Vita"]
[Black "Kowsarinia,A"]
[Result "1-0"]
[WhiteTitle "WGM"]
[BlackTitle "FM"]
[WhiteElo "2210"]
[BlackElo "2332"]
[WhiteFideId "14108917"]
[BlackFideId "12500089"]
[EventDate "2015.08.23"]

1. e4 c5 2. Nf3 e6 3. d4 cxd4 4. Nxd4 a6 5. c4 Nf6 6. Nc3 Qc7 7. a3 b6 8. Be3
Bb7 9. f3 Be7 10. Rc1 O-O 11. Be2 Re8 12. b4 Nc6 13. Nb3 Rab8 14. O-O d6 15. Nd5
exd5 16. cxd5 Qd7 17. dxc6 Bxc6 18. Bxa6 Bd8 19. Bf4 Ba4 20. Be2 b5 21. Qd3 Bb6+
22. Kh1 Nh5 23. Be3 Bxe3 24. Qxe3 Bxb3 25. Qxb3 g5 26. Rfd1 Re6 27. Qe3 Rg6 28.
Bf1 g4 29. Rc5 Ng7 30. Rcd5 gxf3 31. Qxf3 Ne8 32. e5 Rb6 33. Bd3 Rh6 34. Qe3 Qg4
35. Bxh7+ Kxh7 36. Qxb6 dxe5 37. Qf2 Nf6 38. Rd6 Kg7 39. Rf1 Qh5 40. Qxf6+ Rxf6
41. Rdxf6 Qe2 42. Rxf7+ Kg6 43. R7f3 e4 44. Rg3+ Kh7 45. Rf7+ Kh6 46. Rf6+ Kh7
47. h3 Qd2 48. Kh2 Qc1 49. Rf5 Kh6 50. Rxb5 Qf4 51. Rg5 Qc7 52. Rg4 Qe7 53. Rg6+
Kh5 54. R3g5+ 1-0

[Event "22nd Abu Dhabi Masters"]
[Site "Abu Dhabi UAE"]
[Date "2015.08.29"]
[Round "7.43"]
[White "Heydarli,K"]
[Black "Yashas,D"]
[Result "1/2-1/2"]
[WhiteTitle "IM"]
[WhiteElo "2256"]
[BlackElo "2135"]
[WhiteFideId "13404423"]
[BlackFideId "5030196"]
[EventDate "2015.08.23"]

1. d4 Nf6 2. c4 e6 3. Nf3 b6 4. g3 Ba6 5. b3 c6 6. Bg2 d5 7. O-O Nbd7 8. Nbd2
Be7 9. Bb2 O-O 10. Re1 Rc8 11. e4 c5 12. exd5 exd5 13. Rc1 Re8 14. Ne5 cxd4 15.
Bxd4 Nxe5 16. Bxe5 Ba3 17. Rc2 dxc4 18. Bxf6 Rxe1+ 19. Qxe1 Qxf6 20. Nxc4 Bxc4
21. bxc4 g6 22. Bd5 Rc7 23. Kg2 Re7 24. Qd1 Kg7 25. Rd2 Bc5 26. Qc2 Re1 27. Re2
Rxe2 28. Qxe2 a5 29. a4 Qe7 1/2-1/2

[Event "22nd Abu Dhabi Masters"]
[Site "Abu Dhabi UAE"]
[Date "2015.08.29"]
[Round "7.44"]
[White "Voiteanu,G"]
[Black "Raja,H"]
[Result "1-0"]
[WhiteTitle "FM"]
[WhiteElo "2182"]
[BlackElo "2247"]
[WhiteFideId "1208810"]
[BlackFideId "5089000"]
[EventDate "2015.08.23"]

1. Nf3 Nf6 2. d4 d5 3. c4 c6 4. e3 e6 5. b3 c5 6. Be2 cxd4 7. exd4 Be7 8. O-O
O-O 9. Nc3 dxc4 10. bxc4 Nc6 11. Bf4 Bd6 12. Bg5 h6 13. Bh4 Bb4 14. Rc1 g5 15.
Bg3 Nh5 16. d5 Nxg3 17. hxg3 Ne7 18. Qb3 Bxc3 19. Rxc3 exd5 20. Rd1 Qd6 21. cxd5
Rd8 22. Nd2 Bf5 23. Qxb7 Rab8 24. Qxa7 Nxd5 25. Rf3 Qd7 26. Qxd7 Bxd7 27. Ne4
Bg4 28. Rxd5 Rxd5 29. Nf6+ Kg7 30. Nxd5 Rb2 31. Bc4 Bxf3 32. gxf3 Rc2 33. Ne3
Rc1+ 34. Kg2 Ra1 35. g4 f6 36. Bb3 Rb1 37. Nc2 h5 38. gxh5 Kh6 39. Nd4 Kxh5 40.
a4 Ra1 41. Nc2 Rb1 42. Bc4 Rb2 43. Ne3 Rb4 44. a5 Ra4 45. a6 f5 46. Bb5 Ra5 47.
Nc4 Ra2 48. Nd6 Ra5 49. Bd3 Ra3 50. Bf1 g4 51. Nxf5 Rxf3 52. Ne3 Rf7 53. Be2 Kh4
54. Bxg4 Rf4 55. Bd7 Rf6 56. Bc8 Rc6 57. Bb7 1-0